Insects and plant defence dynamics / (Record no. 37475)
[ view plain ]
| 000 -LEADER | |
|---|---|
| fixed length control field | 02348nam a22002894a 4500 |
| 001 - CONTROL NUMBER | |
| control field | 37475 |
| 003 - CONTROL NUMBER IDENTIFIER | |
| rucl marc code | BD-RjUL |
| 005 - DATE AND TIME OF LATEST TRANSACTION | |
| control field | 20211209052620.0 |
| 008 - FIXED-LENGTH DATA ELEMENTS--GENERAL INFORMATION | |
| fixed length control field | 150120s2001 nhua b 001 0 eng |
| 020 ## - INTERNATIONAL STANDARD BOOK NUMBER | |
| International Standard Book Number | 1578081556 |
| 035 ## - SYSTEM CONTROL NUMBER | |
| System control number | (BD-RjUL)37579 |
| 040 ## - CATALOGING SOURCE | |
| Original cataloging agency | DLC |
| Transcribing agency | DLC |
| Modifying agency | DLC |
| Language of cataloging | eng |
| 041 ## - LANGUAGE CODE | |
| Language code of text/sound track or separate title | eng |
| 082 00 - DEWEY DECIMAL CLASSIFICATION NUMBER | |
| Classification number | 632.96 |
| Edition number | 21 |
| Author mark and year | INS 2001 |
| 245 00 - TITLE STATEMENT | |
| Title | Insects and plant defence dynamics / |
| Statement of responsibility, etc. | editor, T.N. Ananthakrishnan. |
| 260 ## - PUBLICATION, DISTRIBUTION, ETC. (IMPRINT) | |
| Place of publication, distribution, etc. | Enfield, (NH) : |
| Name of publisher, distributor, etc. | Science Publishers, |
| Date of publication, distribution, etc. | c2001. |
| 300 ## - PHYSICAL DESCRIPTION | |
| Pagination | xii, 253 p. : |
| Illustrations | ill. ; |
| Size | 25 cm. |
| 504 ## - BIBLIOGRAPHY, ETC. NOTE | |
| Bibliography, etc | Includes bibliographical references. |
| 505 8# - FORMATTED CONTENTS NOTE | |
| Formatted contents note | Machine generated contents note: Preface -- Introduction -- Chapter 1 Phytochemical defence profiles ininsect-plant interactions -- TN. Ananthakrishnan -- Chapter 2 The role of essential nutrients and minerals in insect -- resistance in crop plants -- N.K. Fageria and Mark Scriber -- Chapter 3 Synthesis of chemical defenses in maize silks against -- corn earworm and their inheritance in the flavonoid -- pathway -- N.W. Widstrom, M.E. Snook and B.Z Guo -- Chapter 4 Semiochemistry of Crucifer and their Herbivores -- Alireza Aliabadi and Douglas W. Whitman -- Chapter 5 Tetranortriterpenoids and Quassinoids: Constitutive -- chemical defenses of the Rutales -- T.R. Govindachari, G. Suresh and Geetha Gopalakrishnan -- Chapter 6 Role of plant surface in resistance to insect herbivores -- A. John Peter and Thomas G. Shanower -- Chapter 7 Host plant resistance to insects: Measurement, -- mechanisms and Insect-plant environment interactions -- H.C Sharma, B.U. Singh and Rodomiro-Ortiz -- Chapter 8 Defensive tactics of caterpillars against predators and -- parasitoids -- Brent A. Salazar and Douglas W. Whitman -- Chapter 9 Sluggish movement of conspicuousinsects as a defense -- mechanism against motion-oriented predators -- John D. Hatle and Douglas W. Whitman -- Chapter 10 Molecular approaches to host plant defences against -- insects -- TN. Aanthakrishnan -- Chapter 11 Chemical Ecology: The Future -- TN. Ananthakrishnan -- Index. |
| 650 #0 - SUBJECT ADDED ENTRY--TOPICAL TERM | |
| Topical term or geographic name as entry element | Plants |
| General subdivision | Insect resistance. |
| 9 (RLIN) | 115093 |
| Topical term or geographic name as entry element | Plant defenses. |
| 9 (RLIN) | 115094 |
| 700 1# - ADDED ENTRY--PERSONAL NAME | |
| Personal name | Ananthakrishnan, T. N., |
| Dates associated with a name | 1925- |
| 856 4# - ELECTRONIC LOCATION AND ACCESS | |
| Materials specified | Table of Contents |
| Uniform Resource Identifier | <a href="http://www.loc.gov/catdir/toc/fy02/00053345.html">http://www.loc.gov/catdir/toc/fy02/00053345.html</a> |
| 942 ## - ADDED ENTRY ELEMENTS (KOHA) | |
| Source of classification or shelving scheme | Dewey Decimal Classification |
| Koha item type | Books |
| Lost status | Source of classification or shelving scheme | Damaged status | Not for loan | Permanent Location | Current Location | Shelving location | Date acquired | Cost, normal purchase price | Total Checkouts | Full call number | Date last seen | Copy number | Koha item type |
|---|---|---|---|---|---|---|---|---|---|---|---|---|---|
| Dewey Decimal Classification | Not For Loan | Institute of Biological Sciences (IBSc) Library | Institute of Biological Sciences (IBSc) Library | 20/01/2015 | 742.00 | 632.96 INS 2001 | 20/01/2015 | C-1 | Books | ||||
| Dewey Decimal Classification | Not For Loan | Institute of Biological Sciences (IBSc) Library | Institute of Biological Sciences (IBSc) Library | 20/01/2015 | 1200.00 | 632.96 INS 2001 | 20/01/2015 | C-2 | Books |